Statistiques concernant Culture Générale - Série 49

Cliquez ici pour prendre le quiz!

Statistiques générales

  • Ce quiz a été pris 943 fois
  • Le résultat moyen est 5 sur 10

Statistiques - réponses

QuestionRéponse% Correct
Quelle ville a construit le premier métro ?Londres
91%
Qui est le dieu du Soleil dans l'ancienne Egypte ?Ra
86%
Combien y a-t-il de joueurs sur le terrain dans une équipe de base-ball ?9
80%
Quel fleuve a le plus gros débit au monde ?Amazone
74%
Qui est inséparable de Bonnie Parker ?Clyde Barrow
47%
Comment appelle-t-on le versant nord d'une vallee ?Ubac
39%
Comment appelle-t-on le versant sud d'une vallee ?Adret
37%
Quelles ouvertures ont en commun les poissons et les violons ?Ouies
34%
Que signifie "Bistro" en russe ?Vite
23%
Quelle est la capitale des Bermudes ?Hamilton
8%

Distribution des résultats

Percentile par nombre de réponses

% des personnes avec chaque résultat

Votre développement - résultats

Vous n’avez pas pris ce quiz